000 00506nam a2200145 a 4500
001 000028214
005 20200930031439.0
008 110407s1946 dr a 000 0 spa d
040 _aDO-SdBNP
_bspa
_cBNPHU
245 0 0 _aHomenaje al mejor team dominicano de todos los tiempos. /
_cprólogo Juan Bautista Lamarche.
260 _aCiudad Trujillo, República Dominicana :
_bSociedad Pro Deportes,
_c1946.
300 _a74 p. :
_bil. ;
_c21 cm.
700 _aBautista Lamarche, Juan
_epról
_955209
049 _aBNPD
999 _c27706
_d27706